Statistics for NFL Team Colors Quiz

Click here to take the quiz!

General Stats

  • This quiz has been taken 88,622 times
    (88,573 since last reset)
  • The average score is 16 of 32

Answer Stats

ColorsTeam% Correct
49ers
84%
Packers
79%
Seahawks
74%
Steelers
73%
Browns
72%
Raiders
68%
Dolphins
67%
Ravens
65%
Saints
64%
Vikings
64%
Bengals
52%
Washington
48%
Jaguars
46%
Cowboys
44%
Lions
44%
Rams
43%
Eagles
43%
Broncos
42%
Jets
42%
Chargers
40%
Chiefs
39%
Patriots
39%
Giants
39%
Titans
38%
Bears
37%
Falcons
35%
Colts
34%
Panthers
33%
Cardinals
32%
Bills
31%
Buccaneers
29%
Texans
26%

Score Distribution

Percentile by Number Answered

Percent of People with Each Score

Your Score History

You have not taken this quiz since the last reset